Combien de ville de l'Orne (61) connais-tu ? - Statistiques

Statistiques générales
  • Ce quiz a été pris 33 fois
  • Le résultat moyen est 29 sur 385
Statistiques - réponses
Code postal Ville % Correct
61000 Alençon
96%
61201 Argentan
89%
61100 Flers
85%
61500 Sées
78%
61600 La Ferté Macé
74%
61300 L'Aigle
63%
61400 Mortagne-au-Perche
63%
61200 Sai
59%
61220 Briouze
56%
61230 Gacé
48%
61600 Carrouges
44%
61570 Mortrée
44%
61120 Vimoutiers
41%
61130 Bellême
33%
61500 Chailloué
30%
61150 Rânes
30%
61000 Saint-Germain-du-Corbéis
30%
61250 Damigny
26%
61700 Domfront en Poiraie
26%
61170 Le Mêle-sur-Sarthe
26%
61500 Macé
26%
61440 Messei
26%
61160 Trun
26%
61120 Camembert
22%
61041 Condé-sur-Sarthe
22%
61320 Joué-du-Bois
22%
61100 La Selle-la-Forge
22%
61310 Le Pin-au-Haras
22%
61250 Pacé
22%
61210 Putanges-le-Lac
22%
61190 Tourouvre au Perche
22%
61250 Valframbert
22%
61500 Aunou-sur-Orne
19%
61140 Bagnoles de l'Orne Normandie
19%
61220 Bellou-en-Houlme
19%
61390 Courtomer
19%
61120 Crouttes
19%
61250 Écouves
19%
61500 Le Cercueil
19%
61250 Lonrai
19%
61270 Rai
19%
61100 Saint-Georges-des-Groseillers
19%
61800 Tinchebray-Bocage
19%
61570 Boucé
15%
61100 Caligny
15%
61330 Ceaucé
15%
61000 Cerisé
15%
61700 Champsecret
15%
61150 Écouché-les-Vallées
15%
61500 Essay
15%
61450 La Ferrière-aux-Étangs
15%
61240 Le Merlerault
15%
61700 Lonlay-l'Abbaye
15%
61400 Mauves-sur-Huisne
15%
61210 Ri
15%
61320 Rouperroux
15%
61170 Sainte-Scolasse-sur-Sarthe
15%
61300 Saint-Sulpice-sur-Risle
15%
61570 Almenêches
11%
61430 Athis-Val de Rouvre
11%
61160 Bailleul
11%
61100 Cerisy-Belle-Étoile
11%
61260 Ceton
11%
61320 Ciral
11%
61250 Colombiers
11%
61560 Courgeoût
11%
61370 Échauffour
11%
61250 Héloup
11%
61140 Juvigny Val d'Andaine
11%
61500 La Chapelle-près-Sées
11%
61550 La Ferté-en-Ouche
11%
61100 Landigou
11%
61100 Landisacq
11%
61600 Les Monts d'Andaine
11%
61290 Longny les Villages
11%
61570 Médavy
11%
61570 Montmerrei
11%
61240 Nonant-le-Pin
11%
61400 Réveillon
11%
61110 Sablons sur Huisne
11%
61370 Sainte-Gauburge-Sainte-Colombe
11%
61170 Saint-Julien-sur-Sarthe
11%
61400 Saint-Langis-lès-Mortagne
11%
61200 Sarceaux
11%
61380 Soligny-la-Trappe
11%
61270 Aube
7%
61450 Banvou
7%
61560 Bazoches-sur-Hoëne
7%
61130 Bellou-le-Trichard
7%
61110 Bretoncelles
7%
61170 Buré
7%
61320 Chahains
7%
61800 Chanu
7%
61400 Corbon
7%
61170 Coulonges-sur-Sarthe
7%
61110 Cour-Maugis sur Huisne
7%
61250 Cuissai
7%
61700 Dompierre
7%
61100 Durcet
7%
61440 Échalou
7%
61420 Gandelain
7%
61240 Godisson
7%
61310 Gouffern en Auge
7%
61130 Igé
7%
61190 Irai
7%
61150 Joué-du-Plain
7%
61100 La Chapelle-au-Moine
7%
61100 La Chapelle-Biche
7%
61400 La Chapelle-Montligeon
7%
61420 La Ferrière-Bochard
7%
61210 La Lande-de-Lougé
7%
61100 La Lande-Patry
7%
61110 La Madeleine-Bouvet
7%
61420 La Roche-Mabile
7%
61230 La Trinité-des-Laitiers
7%
61450 Le Châtellier
7%
61220 Le Ménil-de-Briouze
7%
61170 Les Ventes-de-Bourse
7%
61240 Lignères
7%
61600 Lonlay-le-Tesson
7%
61420 L'Orée-d'Écouves
7%
61600 Magny-le-Désert
7%
61100 Montilly-sur-Noireau
7%
61380 Moulins-la-Marche
7%
61110 Moutiers-au-Perche
7%
61160 Nécy
7%
61350 Passais Villages
7%
61340 Perche en Nocé
7%
61700 Perrou
7%
61360 Pervenchères
7%
61110 Rémalard en Perche
7%
61140 Rives d'Andaine
7%
61440 Saint-André-de-Messei
7%
61700 Saint-Bômer-les-Forges
7%
61490 Saint-Clair-de-Halouze
7%
61420 Saint-Denis-sur-Sarthon
7%
61430 Sainte-Honorine-la-Chardonne
7%
61220 Saint-Hilaire-de-Briouze
7%
61340 Saint-Hilaire-sur-Erre
7%
61170 Saint-Léger-sur-Sarthe
7%
61400 Saint-Mard-de-Réno
7%
61350 Saint-Mars-d'Égrenne
7%
61320 Saint-Martin-des-Landes
7%
61130 Saint-Martin-du-Vieux-Bellême
7%
61250 Saint-Nicolas-des-Bois
7%
61340 Saint-Pierre-la-Bruyère
7%
61320 Saint-Sauveur-de-Carrouges
7%
61360 Suré
7%
61500 Tanville
7%
61260 Val-au-Perche
7%
61130 Appenai-sous-Bellême
4%
61100 Aubusson
4%
61200 Aunou-le-Faucon
4%
61150 Avoine
4%
61700 Avrilly
4%
61500 Belfonds
4%
61130 Belforêt-en-Perche
4%
61360 Bellavilliers
4%
61340 Berd'huis
4%
61290 Bizou
4%
61560 Boëcé
4%
61500 Boitron
4%
61160 Brieux
4%
61170 Bures
4%
61500 Bursard
4%
61210 Champcerie
4%
61300 Chandai
4%
61190 Charencey
4%
61360 Chemilli
4%
61400 Comblot
4%
61360 Coulimer
4%
61400 Courgeon
4%
61220 Craménil
4%
61230 Croisilles
4%
61300 Crulai
4%
61130 Dame-Marie
4%
61270 Écorcei
4%
61400 Feings
4%
61200 Fleuré
4%
61160 Guêprei
4%
61120 Guerquesalles
4%
61100 La Bazoque
4%
61570 La Bellière
4%
61220 La Coulonche
4%
61380 La Ferrière-au-Doyen
4%
61500 La Ferrière-Béchet
4%
61320 Lalacelle
4%
61170 Laleu
4%
61250 Larré
4%
61190 La Ventrouze
4%
61500 Le Bouillon
4%
61320 Le Champ-de-la-Pierre
4%
61570 Le Château-d'Almenêches
4%
61290 Le Mage
4%
61320 Le Ménil-Scelleur
4%
61290 Le Pas-Saint-l'Homer
4%
61400 Le Pin-la-Garenne
4%
61270 Les Aspres
4%
61120 Les Champeaux
4%
61290 Les Menus
4%
61290 L'Hôme-Chamondot
4%
61150 Lougé-sur-Maire
4%
61380 Mahéru
4%
61350 Mantilly
4%
61170 Marchemaisons
4%
61170 Montchevrel
4%
61800 Montsecret-Clairefougère
4%
61150 Monts-sur-Orne
4%
61500 Neauphe-sous-Essai
4%
61230 Orgères
4%
61400 Parfondeval
4%
61370 Planches
4%
61120 Pontchardon
4%
61120 Roiville
4%
61700 Saint-Brice
4%
61150 Saint-Brice-sous-Rânes
4%
61250 Saint-Céneri-le-Gérei
4%
61400 Saint-Denis-sur-Huisne
4%
61380 Sainte-Céronne-lès-Mortagne
4%
61210 Sainte-Honorine-la-Guillaume
4%
61320 Saint-Ellier-les-Bois
4%
61320 Sainte-Marguerite-de-Carrouges
4%
61100 Sainte-Opportune
4%
61350 Saint-Fraimbault
4%
61600 Saint-Georges-d'Annebecq
4%
61110 Saint-Germain-des-Grois
4%
61400 Saint-Hilaire-le-Châtel
4%
61360 Saint-Jouin-de-Blavou
4%
61300 Saint-Martin-d'Écublei
4%
61300 Saint-Michel-Tubœuf
4%
61560 Saint-Ouen-de-Sécherouvre
4%
61300 Saint-Ouen-sur-Iton
4%
61430 Saint-Philbert-sur-Orne
4%
61800 Saint-Pierre-d'Entremont
4%
61790 Saint-Pierre-du-Regard
4%
61360 Saint-Quentin-de-Blavou
4%
61800 Saint-Quentin-les-Chardonnets
4%
61350 Saint-Roch-sur-Égrenne
4%
61120 Sap-en-Auge
4%
61200 Sévigny
4%
61410 Tessé-Froulay
4%
61120 Ticheville
4%
61330 Torchamp
4%
61110 Verrières
4%
61160 Villedieu-lès-Bailleul
4%
61400 Villiers-sous-Mortagne
4%
61300 Vitrai-sous-Laigle
4%
61120 Aubry-le-Panthou
0%
61270 Auguaise
0%
61500 Aunay-les-Bois
0%
61470 Avernes-Saint-Gourgon
0%
61170 Barville
0%
61210 Bazoches-au-Houlme
0%
61270 Beaufai
0%
61190 Beaulieu
0%
61600 Beauvain
0%
61430 Berjou
0%
61570 Boischampré
0%
61570 Boissei-la-Lande
0%
61270 Bonnefoi
0%
61380 Bonsmoulins
0%
61270 Brethel
0%
61390 Brullemail
0%
61430 Cahan
0%
61120 Canapville
0%
61560 Champeaux-sur-Sarthe
0%
61240 Champ-Haut
0%
61120 Champosoult
0%
61230 Chaumont
0%
61230 Cisai-Saint-Aubin
0%
61200 Commeaux
0%
61160 Coudehard
0%
61230 Coulmer
0%
61160 Coulonces
0%
61160 Écorches
0%
61600 Faverolles
0%
61390 Fay
0%
61390 Ferrières-la-Verrerie
0%
61160 Fontaine-les-Bassets
0%
61570 Francheville
0%
61120 Fresnay-le-Samson
0%
61390 Gâprée
0%
61210 Giel-Courteilles
0%
61310 Ginai
0%
61210 Habloville
0%
61250 Hauterive
0%
61200 Juvigny-sur-Orne
0%
61130 La Chapelle-Souëf
0%
61270 La Chapelle-Viel
0%
61600 La Chaux
0%
61230 La Fresnaie-Fayel
0%
61240 La Genevraie
0%
61550 La Gonfrière
0%
61320 La Lande-de-Goult
0%
61100 La Lande-Saint-Siméon
0%
61560 La Mesnière
0%
61600 La Motte-Fouquet
0%
61470 Le Bosc-Renoult
0%
61390 Le Chalange
0%
61600 Le Grais
0%
61270 Le Ménil-Bérard
0%
61250 Le Ménil-Broût
0%
61800 Le Ménil-Ciboult
0%
61170 Le Ménil-Guyon
0%
61240 Le Ménil-Vicomte
0%
61170 Le Plantis
0%
61120 Le Renouard
0%
61230 Le Sap-André
0%
61240 Les Authieux-du-Puits
0%
61270 Les Genettes
0%
61210 Les Yveteaux
0%
61220 Lignou
0%
61400 Loisail
0%
61160 Louvières-en-Auge
0%
61230 Mardilly
0%
61410 Méhoudin
0%
61250 Ménil-Erreux
0%
61240 Ménil-Froger
0%
61210 Ménil-Gondouin
0%
61210 Ménil-Hermei
0%
61230 Ménil-Hubert-en-Exmes
0%
61430 Ménil-Hubert-sur-Orne
0%
61210 Ménil-Vin
0%
61160 Merri
0%
61250 Mieuxcé
0%
61800 Moncy
0%
61160 Montabard
0%
61360 Montgaudry
0%
61160 Mont-Ormel
0%
61210 Montreuil-au-Houlme
0%
61160 Montreuil-la-Cambe
0%
61200 Moulins-sur-Orne
0%
61160 Neauphe-sur-Dive
0%
61250 Neuilly-le-Bisson
0%
61120 Neuville-sur-Touques
0%
61210 Neuvy-au-Houlme
0%
61200 Occagnes
0%
61160 Ommoy
0%
61130 Origny-le-Roux
0%
61220 Pointel
0%
61130 Pouvrai
0%
61230 Résenlieu
0%
61160 Rônai
0%
61170 Saint-Agnan-sur-Sarthe
0%
61220 Saint-André-de-Briouze
0%
61380 Saint-Aquilin-de-Corbion
0%
61170 Saint-Aubin-d'Appenai
0%
61470 Saint-Aubin-de-Bonneval
0%
61560 Saint-Aubin-de-Courteraie
0%
61800 Saint-Christophe-de-Chaulieu
0%
61130 Saint-Cyr-la-Rosière
0%
61320 Sainte-Marie-la-Robert
0%
61230 Saint-Evroult-de-Montfort
0%
61550 Saint-Evroult-Notre-Dame-du-Bois
0%
61130 Saint-Fulgent-des-Ormes
0%
61470 Saint-Germain-d'Aunay
0%
61240 Saint-Germain-de-Clairefeuille
0%
61130 Saint-Germain-de-la-Coudre
0%
61560 Saint-Germain-de-Martigny
0%
61390 Saint-Germain-le-Vieux
0%
61160 Saint-Gervais-des-Sablons
0%
61500 Saint-Gervais-du-Perron
0%
61700 Saint-Gilles-des-Marais
0%
61270 Saint-Hilaire-sur-Risle
0%
61160 Saint-Lambert-sur-Dive
0%
61390 Saint-Léonard-des-Parcs
0%
61380 Saint-Martin-des-Pézerits
0%
61320 Saint-Martin-l'Aiguillon
0%
61550 Saint-Nicolas-de-Sommaire
0%
61410 Saint-Ouen-le-Brisoult
0%
61600 Saint-Patrice-du-Désert
0%
61100 Saint-Paul
0%
61370 Saint-Pierre-des-Loges
0%
61300 Saint-Symphorien-des-Bruyères
0%
61220 Saires-la-Verrerie
0%
61250 Semallé
0%
61150 Sevrai
0%
61150 Tanques
0%
61390 Tellières-le-Plessis
0%
61550 Touquettes
0%
61160 Tournai-sur-Dive
0%
61390 Trémont
0%
61130 Vaunoise
0%
61360 Vidai
0%
61150 Vieux-Pont
0%
Aucun quiz correspondant
Distribution des résultats
% des personnes avec chaque résultat
Percentile par nombre de réponses
Votre historique - résultats
Vous n’avez pas pris ce quiz